[Event "XVI Cto Aragón Veteranos 2017 Grupo A"]
[Site ""]
[Date "2017.05.06"]
[Round "3"]
[White "Celma Pueyo Ramon"]
[Black "Garcia Estruch Mauricio"]
[Result "1-0"]
[WhiteElo "1553"]
[BlackElo "1367"]

1.d4 Nf6 2.Nf3 e6 3.c4 d5 4.Nc3 Bb4 5.Bd2 O-O 6.a3 Bxc3 7.Bxc3 Nc6 8.e3 b6 9.
b4 Ne4 10.Bb2 Bb7 11.Bd3 Qf6 12.O-O h6 13.Qc2 Ne7 14.Ne5 Qg5 15.c5 c6 16.Bxe4
dxe4 17.Qxe4 Nd5 18.Qd3 Rac8 19.Bc1 Qh4 20.Nf3 Qf6 21.Re1 Rfe8 22.Ne5 b5 23.
Nf3 Ra8 24.Bb2 Qe7 25.Qd2 Nf6 26.Qc2 Nd5 27.Bc3 Qf6 28.Ne5 Qg5 29.Bd2 Qf6 30.
Qe4 Rac8 31.Qg4 Ne7 32.Bc3 Nd5 33.Bb2 Ra8 34.Qe2 Qe7 35.Nd3 Qg5 36.Bc1 Qf6 37.
Bb2 Qg5 38.e4 Nf6 39.Qe3 Qh4 40.Qf4 Qxf4 41.Nxf4 Rac8 42.f3 g5 43.Ne2 Rc7 44.
Red1 Kg7 45.Rd2 Rd7 46.Rad1 Kg6 47.Kf2 Nh5 48.g4 Ng7 49.Ng3 Rf8 50.Rd3 Bc8 51.
e5 f5 52.exf6 Rxf6 53.d5 exd5 54.Bxf6 Kxf6 55.Re1 Rd8 56.Rde3 Ne6 57.Nh5+ Kf7
58.Re5 d4 59.Rf5+ Kg8 60.Nf6+ Kg7 61.Ne4 Nf4 62.Rf6 Nd3+ 63.Ke2 Nxe1 64.Kxe1
Re8 65.Rxc6 Be6 66.h3 Bd5 67.Rc7+ Kg6 68.Kd2 Bxe4 69.fxe4 Rxe4 70.Kd3 Re3+ 71.
Kxd4 Rxh3 72.Rb7 Rh1 73.Rxb5 Kf6 74.Kd5 Rd1+ 75.Kc6 Ke6 76.Kb7 Rd7+ 77.Ka6 Rc7
78.Rb7 Rc6+ 79.Kxa7 Kd5 80.Rb6 Rc8 81.Rxh6 Kc4 82.Rb6 Rh8 83.c6 Kd5 84.b5 Kc5
85.c7 Rg8 86.Rb8 Rg7 87.b6 1-0

[Event "XVI Cto Aragón Veteranos 2017 Grupo A"]
[Site ""]
[Date "2017.05.06"]
[Round "3"]
[White "Fernandez Sierra Pedro Jose"]
[Black "Latorre Bueno Francisco"]
[Result "0-1"]
[WhiteElo "1633"]
[BlackElo "1541"]

1.e4 d5 2.exd5 Qxd5 3.Nc3 Qd8 4.d4 e6 5.Nf3 Nf6 6.Bc4 Be7 7.O-O O-O 8.Re1 Nc6
9.a3 h6 10.Bf4 a6 11.d5 exd5 12.Bxd5 Bd7 13.Ba2 Bg4 14.Qxd8 Raxd8 15.Ne5 Nxe5
16.Bxe5 c6 17.Bf4 Bd6 18.Bxd6 Rxd6 19.Re7 Rd7 20.Rae1 Bh5 21.Ne4 Rfd8 22.Nxf6+
gxf6 23.h3 Kf8 24.R7e3 Rd1 25.g4 Rxe1+ 26.Rxe1 Bg6 27.Re2 h5 28.c3 hxg4 29.
hxg4 Rd1+ 30.Kg2 Bd3 31.Re3 Rd2 32.Kf3 Rxb2 33.Bxf7 Kxf7 34.Rxd3 Rb3 35.a4 Ra3
36.Rd7+ Ke6 37.Rxb7 Rxc3+ 38.Ke2 Rc4 39.Rb6 a5 40.f3 Kd5 41.Rb8 Rxa4 42.Rd8+
Ke6 43.Re8+ Kd7 44.Rf8 Ke7 45.Rc8 Rc4 46.Kd3 Rc5 47.Rc7+ Ke6 48.Ra7 Ke5 49.Rf7
Ke6 50.Ra7 Rb5 51.Ra6 Kd5 52.Ra8 Rb3+ 53.Ke2 Ra3 54.Rd8+ Ke6 55.Rc8 Rc3 56.Ra8
Rc5 57.Re8+ Kf7 58.Rc8 a4 59.Ra8 Rc4 60.Kd3 Rf4 61.Ke3 Rb4 62.Ra6 c5 63.Ra5 c4
64.Kd4 c3+ 65.Kxc3 Rf4 66.Kb2 Kg6 67.Kc2 Kf7 68.Kb2 Ke6 69.Kc2 Kd6 70.Kb2 Kc6
71.Ka2 Kb6 72.Rf5 Rxf5 73.gxf5 Kb5 74.Ka3 Ka5 75.Kb2 Kb4 76.Ka2 a3 77.Ka1 Kb3
78.Kb1 Kc3 79.Ka2 Kd3 80.Kxa3 Ke3 81.Kb3 Kxf3 82.Kc3 Ke4 83.Kd2 Kxf5 84.Ke3
Kg4 85.Ke4 f5+ 86.Ke3 Kg3 0-1

[Event "XVI Cto Aragón Veteranos 2017 Grupo A"]
[Site ""]
[Date "2017.05.06"]
[Round "3"]
[White "Patap Ivan"]
[Black "Santos Hernandez Higinio"]
[Result "0-1"]
[WhiteElo "1453"]
[BlackElo "1613"]

1.e4 c5 2.Nf3 d6 3.c3 Nf6 4.h3 Nc6 5.d3 e6 6.Be3 Be7 7.Be2 O-O 8.O-O Qc7 9.c4
d5 10.cxd5 exd5 11.Nbd2 Rd8 12.Qc1 b6 13.a3 Bb7 14.Qc2 h6 15.Rac1 d4 16.Bxh6
gxh6 17.Nh4 Kh7 18.Ndf3 Ne5 19.Nf5 Rg8 20.N3xd4 Qd7 21.Qd2 Rg6 22.Nxe7 Qxe7
23.Nf5 Qd7 24.f4 Bxe4 25.Nh4 Qxh3 26.dxe4 Qxh4 27.fxe5 Rag8 28.Bf3 Ng4 29.Bxg4
Qxg4 30.Rxf7+ Kh8 31.Rf2 Qxe4 32.Re1 Rxg2+ 33.Rxg2 Rxg2+ 34.Qxg2 Qxe1+ 35.Qf1
Qg3+ 36.Qg2 Qxe5 37.Qa8+ Kh7 38.Qxa7+ Qg7+ 39.Qxg7+ Kxg7 40.Kg2 Kg6 41.Kg3 Kf5
42.Kh4 Ke4 43.Kh5 Kd4 44.Kxh6 Kc4 45.Kg5 Kb3 46.Kf4 Kxb2 47.a4 c4 48.Ke3 c3
0-1

[Event "XVI Cto Aragón Veteranos 2017 Grupo A"]
[Site ""]
[Date "2017.05.13"]
[Round "4"]
[White "Franco Ibañez Carlos"]
[Black "Aviol Perez Jose Mariano"]
[Result "1-0"]
[WhiteElo "2028"]
[BlackElo "1819"]

1.d4 d5 2.c4 e6 3.Nf3 Nf6 4.g3 c5 5.Bg2 Nc6 6.cxd5 exd5 7.O-O Be7 8.Nc3 O-O 9.
Bg5 Re8 10.Rc1 h6 11.Bxf6 Bxf6 12.dxc5 d4 13.Na4 Bf5 14.a3 Qd7 15.b4 d3 16.
exd3 Bxd3 17.Re1 Rad8 18.Qb3 Qf5 19.Nb2 Be4 20.Nc4 Nd4 21.Nxd4 Bxd4 22.Ne3 Qf6
23.Rcd1 Bxg2 24.Kxg2 Re4 25.f3 Re6 26.Nd5 Qg5 27.Rxe6 fxe6 28.Nf4 Kh8 29.Nxe6
Qe5 30.Nxd8 Qe2+ 31.Kh3 1-0

[Event "XVI Cto Aragón Veteranos 2017 Grupo A"]
[Site ""]
[Date "2017.05.13"]
[Round "4"]
[White "Millan Martin Alfonso"]
[Black "Roche Simon Manuel Angel"]
[Result "0-1"]
[WhiteElo "1870"]
[BlackElo "2170"]

1.c4 e5 2.Nc3 Nc6 3.g3 Bc5 4.Bg2 d6 5.a3 a6 6.e3 Ba7 7.Nge2 h5 8.h3 h4 9.g4 f5
10.gxf5 Bxf5 11.d4 Nf6 12.b4 O-O 13.Bxc6 bxc6 14.dxe5 Ne4 15.Nxe4 Bxe4 16.Rg1
Qe7 17.Nf4 Qxe5 18.Ra2 Qc3+ 19.Qd2 Qxc4 20.Bb2 Rxf4 21.Rxg7+ Kf8 22.exf4 Re8
23.Qc3 Bf3+ 0-1

[Event "XVI Cto Aragón Veteranos 2017 Grupo A"]
[Site ""]
[Date "2017.05.13"]
[Round "4"]
[White "Gines Abad Pedro"]
[Black "Mimbela Lopez Luis"]
[Result "1/2-1/2"]
[WhiteElo "1972"]
[BlackElo "2023"]

1.d4 Nf6 2.Nf3 g6 3.c4 Bg7 4.Nc3 O-O 5.e4 d6 6.Be3 Nbd7 7.Nd2 c5 8.d5 a6 9.Be2
e6 10.O-O exd5 11.cxd5 b5 12.a4 b4 13.Ncb1 Re8 14.Qc2 Qe7 15.Bd3 Ne5 16.f3 Nh5
17.Nc4 Nxc4 18.Bxc4 Qe5 19.Ra2 f5 20.Nd2 fxe4 21.Qxe4 Bf5 22.Qxe5 Rxe5 23.Bf2
Bh6 24.b3 Nf4 25.Re1 Rxe1+ 26.Bxe1 Re8 27.Kf2 Bd3 28.Ne4 Bxe4 29.fxe4 Rf8 30.
Kg1 a5 31.Bf2 Re8 32.Bg3 Rxe4 33.Bxf4 Bxf4 34.g3 Be5 1/2-1/2

[Event "XVI Cto Aragón Veteranos 2017 Grupo A"]
[Site ""]
[Date "2017.05.13"]
[Round "4"]
[White "Sanchez Valles Jose Maria"]
[Black "Minguez Guinda Andres"]
[Result "0-1"]
[WhiteElo "1768"]
[BlackElo "1860"]

1.e4 c5 2.Nf3 Nc6 3.Bb5 g6 4.O-O Bg7 5.Bxc6 bxc6 6.c4 e6 7.d3 Ne7 8.Nc3 O-O 9.
Qc2 d5 10.b3 f5 11.e5 Qc7 12.Re1 f4 13.Ba3 Nf5 14.Bxc5 Rd8 15.Rad1 g5 16.h3 h5
17.d4 g4 18.hxg4 hxg4 19.Nh2 g3 20.Ng4 Qf7 21.Qe2 Qg6 22.fxg3 fxg3 23.Qf3 Bd7
24.Ne2 Qg5 25.Nxg3 Nxg3 26.Qxg3 Be8 27.Nf6+ Bxf6 28.Qh3 Bg7 29.Qxe6+ Bf7 30.
Qxc6 Rdc8 31.Qa6 Rxc5 32.e6 Bh5 33.dxc5 Bf3 0-1

[Event "XVI Cto Aragón Veteranos 2017 Grupo A"]
[Site ""]
[Date "2017.05.13"]
[Round "4"]
[White "Carrasquer Muñoz Alberto"]
[Black "Hernandez Calvera Hernan Angel"]
[Result "1-0"]
[WhiteElo "1782"]
[BlackElo "1524"]

1.e4 g6 2.d4 d6 3.Nf3 Bg7 4.Be3 a6 5.Bd3 Nd7 6.Qd2 b5 7.a4 bxa4 8.Rxa4 Bb7 9.
Qe2 Qc8 10.Nbd2 Ngf6 11.h3 O-O 12.O-O c5 13.Rfa1 Nb6 14.Ra5 c4 15.Nxc4 Nxc4
16.Bxc4 Nxe4 17.Bxa6 Re8 18.Qd3 Qc7 19.b4 Rec8 20.Ne1 Rab8 21.c4 Nf6 22.Bb5
Ra8 23.Rxa8 Bxa8 24.Qa3 h6 25.Qa7 Bb7 26.Qa5 Nd7 27.Qxc7 Rxc7 28.Ra7 Nb8 29.d5
1-0

[Event "XVI Cto Aragón Veteranos 2017 Grupo A"]
[Site ""]
[Date "2017.05.13"]
[Round "4"]
[White "Celma Pueyo Ramon"]
[Black "Navarro Castan Jesus"]
[Result "1-0"]
[WhiteElo "1553"]
[BlackElo "1783"]

1.d4 Nf6 2.c4 c5 3.e3 e6 4.Nc3 a6 5.Nf3 d5 6.Ne5 dxc4 7.Bxc4 b5 8.Be2 Bb7 9.
Bf3 Qc7 10.O-O b4 11.Ne2 Be7 12.Qa4+ Nbd7 13.Bxb7 Qxb7 14.dxc5 Bxc5 15.Qc6
Qxc6 16.Nxc6 Rc8 17.Ncd4 O-O 18.b3 e5 19.Nf3 Bd6 20.Rb1 Rc2 21.Rb2 Rfc8 22.Nd2
Rxb2 23.Bxb2 Rc2 24.Nc4 Rxe2 25.Rc1 Kf8 26.Kf1 Rxb2 27.Nxb2 Ne4 28.Rc8+ Ke7
29.Nc4 Bb8 30.Na5 Ke6 31.Rc6+ Kd5 32.Rxa6 Nec5 33.Ra8 f5 34.Nc4 f4 35.exf4
exf4 36.Nb6+ Kc6 37.Nxd7 Nxd7 38.Ra6+ Nb6 39.a4 bxa3 40.Rxa3 Kb5 41.Ra1 Kb4
42.Re1 Nd5 43.Re8 Ba7 44.Rd8 Kc5 45.Rd7 Kc6 46.Rxa7 Nc7 47.Ke2 g5 48.Kf3 h5
49.Ra5 Nb5 50.Ra6+ Kc5 51.Rh6 Nd4+ 52.Ke4 Nxb3 53.Rxh5 Nd2+ 54.Kd3 Nf1 55.
Rxg5+ Kd6 56.h4 Ke6 57.Ke4 f3 58.Kxf3 1-0

[Event "XVI Cto Aragón Veteranos 2017 Grupo A"]
[Site ""]
[Date "2017.05.13"]
[Round "4"]
[White "Garcia Estruch Jorge"]
[Black "Samper Alacon Julio Alfredo"]
[Result "1-0"]
[WhiteElo "1820"]
[BlackElo "1604"]

1.e4 c6 2.d4 d5 3.e5 Bf5 4.Nc3 e6 5.Nf3 Ne7 6.Be2 Nd7 7.O-O Bg6 8.Re1 Nf5 9.
Bf4 Bb4 10.a3 Bxc3 11.bxc3 O-O 12.c4 dxc4 13.Bxc4 Nb6 14.Be2 Nd5 15.Bd2 Nh4
16.c4 Nxf3+ 17.Bxf3 Ne7 18.Bb4 Re8 19.Bd6 Qd7 20.Ra2 Nf5 21.c5 Ne7 22.Rb2 Nd5
23.a4 h6 24.a5 Qd8 25.Qd2 Qc8 26.Bxd5 exd5 27.Re3 Rd8 28.Reb3 Rd7 29.h3 Kh7
30.Rg3 Qd8 31.Rgb3 Qh4 32.Rxb7 Rxb7 33.Rxb7 Qe4 34.f3 Qh4 35.Kh2 Qd8 36.a6 h5
37.Bc7 Qe8 38.Qf4 Qe6 39.Bd6 Kg8 40.Rc7 Re8 41.Rxa7 f6 42.Rb7 Ra8 43.a7 Bd3
44.Rb8+ 1-0

[Event "XVI Cto Aragón Veteranos 2017 Grupo A"]
[Site ""]
[Date "2017.05.13"]
[Round "4"]
[White "Ocabo Vera Pedro Aristides"]
[Black "Requena Briones Rafael Mariano"]
[Result "0-1"]
[WhiteElo "1784"]
[BlackElo "1574"]

1.e4 c5 2.Nc3 g6 3.g3 Bg7 4.Bg2 d6 5.f4 Nc6 6.d3 Nf6 7.h3 e5 8.Nf3 Nh5 9.Ne2
O-O 10.O-O exf4 11.Nxf4 Nxg3 12.Rf2 Nd4 13.c3 Nxf3+ 14.Qxf3 Qh4 15.Kh2 Nh5 16.
Nxh5 gxh5 17.Qg3 Qxg3+ 18.Kxg3 Be5+ 19.Bf4 Re8 20.Raf1 Be6 21.a3 Rad8 22.Kh4
Bxf4 23.Rxf4 Re7 24.Bf3 Kh8 25.Bxh5 Rf8 26.R1f3 d5 27.e5 d4 28.c4 Bd7 29.Rxf7
Rexf7 30.Rxf7 Rxf7 31.Bxf7 Kg7 32.Bh5 Bf5 33.Be2 Kf7 34.Kg5 Bxh3 35.Bg4 Bxg4
36.Kxg4 Ke6 37.Kf4 h5 38.b4 b6 39.bxc5 bxc5 40.a4 a5 41.Ke4 h4 42.Kf4 h3 43.
Kg3 Kxe5 44.Kxh3 Kf4 0-1

[Event "XVI Cto Aragón Veteranos 2017 Grupo A"]
[Site ""]
[Date "2017.05.13"]
[Round "4"]
[White "Latorre Bueno Francisco"]
[Black "Gaston Cabello Jorge"]
[Result "0-1"]
[WhiteElo "1541"]
[BlackElo "1717"]

1.d4 d5 2.Nf3 Nf6 3.e3 Bf5 4.c4 e6 5.a3 c6 6.cxd5 exd5 7.Be2 Nbd7 8.O-O Bd6 9.
Nc3 Ne4 10.h3 Ndf6 11.Nb1 Qc7 12.Nbd2 a5 13.Ne5 Bxe5 14.dxe5 Qxe5 15.Nf3 Qc7
16.Nd4 Bd7 17.Bg4 Nxg4 18.hxg4 O-O-O 19.f3 Ng3 20.Rf2 h5 21.Rc2 hxg4 22.Kf2
Nh1+ 23.Ke2 gxf3+ 24.gxf3 Rh2+ 25.Kd3 Rxc2 26.Qxc2 c5 27.e4 dxe4+ 28.fxe4 Bb5+
0-1

[Event "XVI Cto Aragón Veteranos 2017 Grupo A"]
[Site ""]
[Date "2017.05.13"]
[Round "4"]
[White "Garrido Busto Francisco"]
[Black "Requeno Otin Juan Jose"]
[Result "1/2-1/2"]
[WhiteElo "1658"]
[BlackElo "1480"]

1.e4 e5 2.Nf3 Nf6 3.Nxe5 d6 4.Nf3 Nxe4 5.Nc3 Nxc3 6.dxc3 Be7 7.Bf4 O-O 8.Qd2
Nd7 9.O-O-O Nf6 10.Bg5 Ne4 11.Bxe7 Qxe7 12.Qe3 Bf5 13.Nd2 Rfe8 14.Bd3 Nxd2 15.
Qxe7 Rxe7 16.Bxf5 Nc4 17.Rhe1 Rxe1 18.Rxe1 g6 19.Bd3 Ne5 20.f4 Nxd3+ 21.cxd3
Kf8 1/2-1/2

[Event "XVI Cto Aragón Veteranos 2017 Grupo A"]
[Site ""]
[Date "2017.05.13"]
[Round "4"]
[White "Garcia Estruch Mauricio"]
[Black "Fernandez Sierra Pedro Jose"]
[Result "1/2-1/2"]
[WhiteElo "1367"]
[BlackElo "1633"]

1.Nf3 e6 2.c4 c5 3.Nc3 Nf6 4.g3 d5 5.cxd5 exd5 6.d4 Nc6 7.Bg2 Bg4 8.e3 cxd4 9.
exd4 Bd6 10.O-O O-O 11.Be3 a6 12.a3 Re8 13.Re1 Na5 14.Qd3 Be6 15.Rac1 Nc6 16.
Bg5 Be7 17.Na4 Nd7 18.Bxe7 Nxe7 19.Nh4 g6 20.Qd2 Nc6 21.Nf3 1/2-1/2

[Event "XVI Cto Aragón Veteranos 2017 Grupo A"]
[Site ""]
[Date "2017.05.20"]
[Round "5"]
[White "Roche Simon Manuel Angel"]
[Black "Franco Ibañez Carlos"]
[Result "1-0"]
[WhiteElo "2170"]
[BlackElo "2028"]

1.e4 e5 2.Nf3 Nc6 3.d4 exd4 4.Nxd4 Bc5 5.Nb3 Bb6 6.Nc3 Nf6 7.Qe2 O-O 8.Be3 Re8
9.f3 Qe7 10.O-O-O Bxe3+ 11.Qxe3 d6 12.g4 Be6 13.Kb1 Rad8 14.g5 Nd7 15.f4 Nb6
16.Bg2 Bxb3 17.axb3 d5 18.Qg3 d4 19.Nd5 Qc5 20.Nf6+ Kh8 21.Nxe8 Rxe8 22.e5 Nb4
23.Qf2 Rd8 24.c3 N4d5 25.Qxd4 1-0

[Event "XVI Cto Aragón Veteranos 2017 Grupo A"]
[Site ""]
[Date "2017.05.20"]
[Round "5"]
[White "Aviol Perez Jose Mariano"]
[Black "Palomar Ramon Santiago"]
[Result "1-0"]
[WhiteElo "1819"]
[BlackElo "1944"]

1.d4 d5 2.Nf3 Nc6 3.g3 Bf5 4.Bg2 e6 5.O-O Nb4 6.Na3 Be7 7.Ne5 Nf6 8.c3 Na6 9.
Qa4+ c6 10.c4 Nc7 11.Bd2 O-O 12.Bc3 Nd7 13.Nxd7 Qxd7 14.Rfd1 b5 15.cxb5 cxb5
16.Qa5 Rfb8 17.Rac1 Rb6 18.Bd2 b4 19.Nc4 dxc4 20.Bxa8 Nxa8 21.Rxc4 Be4 22.Rdc1
Rc6 23.Bxb4 Bxb4 24.Qxb4 Nb6 25.Rxc6 Bxc6 26.Qc5 Bd5 27.Qc7 Qxc7 28.Rxc7 Bxa2
29.e4 f5 30.Rxa7 Bb1 31.exf5 Bxf5 32.f3 Nd5 33.Kf2 Bd3 34.Ke1 g5 35.Kd2 Bc4
36.b4 h5 37.Rb7 Ba6 38.Rb8+ Kf7 39.b5 Bxb5 40.Rxb5 g4 41.f4 Kf6 42.Rb8 Kf5 43.
Kd3 h4 44.Rf8+ Kg6 45.Rg8+ Kf7 46.Rxg4 hxg3 47.hxg3 Nb4+ 48.Ke4 1-0

[Event "XVI Cto Aragón Veteranos 2017 Grupo A"]
[Site ""]
[Date "2017.05.20"]
[Round "5"]
[White "Minguez Guinda Andres"]
[Black "Celma Pueyo Ramon"]
[Result "1-0"]
[WhiteElo "1860"]
[BlackElo "1553"]

1.e4 e5 2.f4 exf4 3.Bc4 Ne7 4.Nc3 Ng6 5.Nf3 Be7 6.O-O d6 7.d4 O-O 8.Nd5 Be6 9.
Nxe7+ Qxe7 10.Bd3 Bg4 11.h3 Bh5 12.Qe1 Bxf3 13.Rxf3 Nc6 14.c3 Rae8 15.Qf2 Kh8
16.Bxf4 Nxf4 17.Rxf4 g5 18.Rf6 Nd8 19.e5 Rg8 20.Rh6 Rg7 21.Qf6 Kg8 22.Qxe7
Rxe7 23.exd6 cxd6 24.Rxd6 Re8 25.Bb5 Nc6 26.d5 Rd8 27.dxc6 Rxd6 28.c7 Rgg6 29.
c8=Q+ Kg7 30.Qxb7 Rb6 31.Qd5 Rbd6 32.Qe5+ Kh6 33.Rf1 Rge6 34.Qf5 Re7 35.Bd3 f6
36.Qc5 Rde6 37.Bf5 1-0

[Event "XVI Cto Aragón Veteranos 2017 Grupo A"]
[Site ""]
[Date "2017.05.20"]
[Round "5"]
[White "Millan Martin Alfonso"]
[Black "Gines Abad Pedro"]
[Result "1/2-1/2"]
[WhiteElo "1870"]
[BlackElo "1972"]

1.Nf3 d6 2.d4 Nf6 3.Bf4 Nh5 4.Bd2 f5 5.g3 g6 6.c4 Bg7 7.Bc3 e6 8.Bg2 O-O 9.O-O
Nd7 10.Nbd2 c6 11.e4 f4 12.e5 fxg3 13.fxg3 dxe5 14.Qe2 exd4 15.Nxd4 Nc5 16.
Rxf8+ Qxf8 17.b4 Na4 18.Rf1 Qd8 19.Nxc6 Nxc3 20.Nxd8 Nxe2+ 21.Kf2 Bf6 22.Nxb7
Nc3 23.Nd6 Rb8 24.a3 Bd7 25.Ke3 Be5 26.Nf7 Bg7 27.Kd3 Be8 28.Ng5 Rd8+ 29.Kc2
Ba4+ 30.Nb3 Ne2 31.Nxe6 Rd6 32.Nxg7 Kxg7 33.Kb2 Bxb3 34.Kxb3 Rd3+ 35.Ka4 Nd4
36.c5 Rc3 37.Rd1 Nc2 38.Rd7+ Kf6 39.c6 Ng7 40.Kb5 Ne8 41.a4 Rb3 42.c7 Rxb4+
43.Kc5 Nxc7 44.Rxc7 Rxa4 45.Rxh7 Ne3 46.Kb5 Ra2 47.Be4 Ng4 48.h4 Ra3 49.h5
gxh5 50.Rxh5 Rxg3 51.Rh8 Re3 52.Bb7 Re6 53.Ka5 Ne5 54.Bd5 Re7 55.Rh6+ Ng6 56.
Ka6 Kg5 57.Rh1 Re5 58.Bb7 1/2-1/2

[Event "XVI Cto Aragón Veteranos 2017 Grupo A"]
[Site ""]
[Date "2017.05.20"]
[Round "5"]
[White "Requena Briones Rafael Mariano"]
[Black "Garcia Estruch Jorge"]
[Result "0-1"]
[WhiteElo "1574"]
[BlackElo "1850"]

1.d4 Nf6 2.Nf3 g6 3.Nc3 Bg7 4.e4 d6 5.Bc4 O-O 6.Bb3 Nc6 7.a3 Bg4 8.Be3 e5 9.d5
Ne7 10.h3 Bxf3 11.Qxf3 Nd7 12.O-O-O a6 13.g4 b5 14.h4 f6 15.h5 g5 16.Ne2 a5
17.h6 Bh8 18.Ng3 a4 19.Ba2 b4 20.Nf5 bxa3 21.Ng7 axb2+ 22.Kb1 Bxg7 23.hxg7
Kxg7 24.Qh3 Rh8 25.Qh6+ Kf7 26.Bxg5 fxg5 27.Qe6+ Ke8 28.Rh6 Nf8 29.Qf6 Neg6
30.Qf3 Nf4 31.Qc3 Rb8 32.f3 N8g6 33.Qa5 Qd7 34.c4 Ke7 35.Rd2 Ra8 36.Qc3 Rab8
37.c5 Qb5 38.cxd6+ Kxd6 39.Qc6+ Qxc6 40.dxc6+ Kxc6 41.Bf7 a3 42.Ba2 Rbd8 43.
Rc2+ Kb6 44.Rh1 Rd3 45.Rf1 Rhd8 46.Bd5 Nxd5 47.exd5 R8xd5 48.Ka2 Rd1 49.Rxd1
Rxd1 50.Kxa3 b1=Q 51.Rb2+ Qxb2+ 52.Kxb2 Rd3 0-1

[Event "XVI Cto Aragón Veteranos 2017 Grupo A"]
[Site ""]
[Date "2017.05.20"]
[Round "5"]
[White "Hernandez Calvera Hernan Angel"]
[Black "Sanchez Valles Jose Maria"]
[Result "1-0"]
[WhiteElo "1524"]
[BlackElo "1768"]

1.e4 d5 2.exd5 Nf6 3.d4 Nxd5 4.c4 Nb6 5.Nf3 g6 6.Be2 Bg7 7.Nc3 O-O 8.Be3 Nc6
9.Qd2 Bg4 10.O-O-O e5 11.d5 Ne7 12.b3 Nf5 13.h3 Nxe3 14.Qxe3 Bxf3 15.Bxf3 Nd7
16.g4 Qh4 17.Kc2 Bh6 18.Qe2 f5 19.gxf5 Rxf5 20.Ne4 Raf8 21.Rd3 Rf4 22.Rh2 Nf6
23.Nxf6+ Qxf6 24.Bg4 Rxf2 25.Rxf2 Qxf2 26.Qxf2 Rxf2+ 27.Kc3 Rxa2 28.c5 e4 29.
d6 exd3 30.dxc7 Rc2+ 31.Kb4 Bd2+ 32.Kb5 a6+ 33.Kb6 Ba5+ 34.Kxa5 Rxc5+ 35.Kb6
Rxc7 36.Kxc7 Kf7 37.Kxb7 h5 38.Bd1 Ke6 39.Kxa6 1-0

[Event "XVI Cto Aragón Veteranos 2017 Grupo A"]
[Site ""]
[Date "2017.05.20"]
[Round "5"]
[White "Gaston Cabello  Jorge"]
[Black "Santos Hernandez Higinio"]
[Result "1-0"]
[WhiteElo "1717"]
[BlackElo "1613"]

1.d4 d5 2.Bf4 Nf6 3.e3 e6 4.Nd2 c6 5.Ngf3 Bd6 6.Bd3 Bxf4 7.exf4 Qc7 8.Ne5 O-O
9.g4 Nbd7 10.Qf3 c5 11.g5 Nxe5 12.dxe5 c4 13.gxf6 cxd3 14.fxg7 Rd8 15.Qxd3 Qb6
16.O-O-O Bd7 17.Nf3 Bb5 18.Qd2 Bc6 19.Nd4 Rdc8 20.Rhg1 Rc7 21.Rg3 Rac8 22.c3
Ba4 23.Rdg1 Rc4 24.Kb1 Bd7 25.Rh3 f6 26.Qd3 f5 27.Rxh7 Rxc3 28.Rh8+ Kf7 29.
g8=Q+ Rxg8 30.Rh7+ Kf8 31.Rxg8+ Kxg8 32.Qxc3 Kxh7 33.Kc2 a6 34.Kd2 Qd8 35.b3
Qh4 36.Qg3 Qd8 37.a4 Qa5+ 38.Qc3 Qxc3+ 39.Kxc3 Kh6 40.Kb4 Kh5 41.Kc5 Kg4 42.
Kd6 Bc8 43.Nxe6 Bxe6 44.Kxe6 d4 45.Kf6 d3 46.e6 d2 47.e7 d1=Q 48.e8=Q Qd4+ 49.
Qe5 Qd8+ 50.Kg7 Qd7+ 51.Kg6 Qc6+ 52.Kh7 Qd7+ 53.Qg7+ Qxg7+ 54.Kxg7 Kxf4 55.Kf6
Kg4 56.h4 f4 57.h5 Kxh5 58.Kf5 f3 59.a5 Kh4 60.Kf4 Kh5 61.Kxf3 Kg5 62.Ke4 Kf6
63.Kd5 Kf5 64.Kc5 1-0

[Event "XVI Cto Aragón Veteranos 2017 Grupo A"]
[Site ""]
[Date "2017.05.20"]
[Round "5"]
[White "Navarro Castan Jesus"]
[Black "Requeno Otin Juan Jose"]
[Result "1-0"]
[WhiteElo "1783"]
[BlackElo "1480"]

1.e4 e5 2.d4 exd4 3.Qxd4 c5 4.Qe3 Nc6 5.Bc4 Be7 6.Nc3 Ne5 7.Bd5 Nf6 8.f4 Nxd5
9.Nxd5 Nc4 10.Qe2 Nb6 11.Nc3 O-O 12.Bd2 Re8 13.O-O-O d6 14.g4 Qd7 15.f5 Bf6
16.Qf3 Qe7 17.Nge2 Bg5 18.Bf4 Bxf4+ 19.Qxf4 Qe5 20.Rxd6 Qxf4+ 21.Nxf4 Nc4 22.
Rd3 b6 23.Nfd5 Rb8 24.Ne7+ Kf8 25.Nxc8 Rbxc8 26.Rd7 Ra8 27.Re1 Ne5 28.Rc7 Nxg4
29.Nb5 Nxh2 30.Rh1 Ng4 31.Rxh7 Kg8 32.Rh4 Rxe4 33.Nd6 g5 34.fxg6 fxg6 35.Nxe4
Ne5 36.Nf6+ 1-0

[Event "XVI Cto Aragón Veteranos 2017 Grupo A"]
[Site ""]
[Date "2017.05.20"]
[Round "5"]
[White "Garcia Estruch Mauricio"]
[Black "Ocabo Vera Pedro Aristides"]
[Result "0-1"]
[WhiteElo "1367"]
[BlackElo "1784"]

1.Nf3 f5 2.d4 Nf6 3.c4 e6 4.Nc3 b6 5.Bg5 Ba6 6.Qa4 Be7 7.g3 Bb7 8.Bg2 O-O 9.
O-O Ne4 10.Bxe7 Qxe7 11.Qc2 d6 12.Rad1 Nd7 13.b4 Ndf6 14.a3 e5 15.dxe5 dxe5
16.Nd5 Nxd5 17.cxd5 Nd6 18.e3 g5 19.Rfe1 h5 20.h4 gxh4 21.Nxh4 Qf7 22.Qb2 Rae8
23.Qc2 e4 24.Qe2 Bxd5 25.Rxd5 Qxd5 26.Qxh5 Qf7 27.Qg5+ Kh7 28.Bh3 Re6 29.Kg2
Rh6 30.Rh1 c5 31.Nxf5 Rh5 32.Qxh5+ Qxh5 33.Bg4 Qxh1+ 34.Kxh1 Nxf5 0-1

[Event "XVI Cto Aragón Veteranos 2017 Grupo A"]
[Site ""]
[Date "2017.05.27"]
[Round "6"]
[White "Aviol Perez Jose Mariano"]
[Black "Minguez Guinda Andres"]
[Result "1-0"]
[WhiteElo "1819"]
[BlackElo "1860"]

1.d4 d5 2.Nf3 Nf6 3.c4 e6 4.Nc3 Be7 5.cxd5 exd5 6.Bg5 O-O 7.e3 c6 8.Qc2 Nbd7
9.Bd3 Re8 10.O-O Nf8 11.h3 Be6 12.Ne5 N6d7 13.Bxe7 Qxe7 14.Nxd7 Bxd7 15.b4 b5
16.a4 a6 17.Rfb1 Qg5 18.Kh2 h5 19.Rb2 Qf6 20.Rba2 Qd6+ 21.Kg1 Rac8 22.axb5
axb5 23.Qb1 Ne6 24.Ra6 Qe7 25.Ra7 Rc7 26.Rxc7 Nxc7 27.Ra7 Qd8 28.Qa2 Ne6 29.
Qa6 Qc8 30.Qb6 Nf8 31.Ne2 g6 32.Nf4 Qb8 33.Rb7 Qd8 34.Qa7 Kg7 35.Bc2 Kh6 36.
Nd3 f6 37.Nc5 Bc8 38.Rc7 Qd6 39.Qb6 Nd7 40.Qxc6 Qxc6 41.Rxc6 Nxc5 42.Rxc5 Bd7
43.Rxd5 Re7 44.Bd3 Bc8 45.Bxb5 1-0

[Event "XVI Cto Aragón Veteranos 2017 Grupo A"]
[Site ""]
[Date "2017.05.27"]
[Round "6"]
[White "Franco Ibañez Carlos"]
[Black "Carrasquer Muñoz Alberto"]
[Result "0-1"]
[WhiteElo "2028"]
[BlackElo "1782"]

1.d4 d5 2.c4 e6 3.Nf3 Nd7 4.Nbd2 Ngf6 5.g3 b6 6.Bg2 Bb7 7.O-O Be7 8.a3 a5 9.b3
O-O 10.Bb2 Re8 11.Rc1 Rc8 12.e3 Bd6 13.Ne5 Qe7 14.cxd5 exd5 15.Nxd7 Nxd7 16.a4
Nf6 17.Nc4 Ba6 18.Nxd6 Qxd6 19.Re1 Ne4 20.f3 Nf6 21.e4 dxe4 22.fxe4 Qe7 23.e5
Nd7 24.Qg4 c5 25.d5 Nf8 26.Rcd1 Rcd8 27.d6 Qe6 28.Qf3 Rd7 29.Qc3 Bb7 30.Bf1
Bc6 31.Re3 Qg4 32.Rde1 Ne6 33.Bg2 Bxg2 34.Kxg2 Ng5 35.Qc4 Qh3+ 36.Kg1 Qh5 37.
Rf1 Rb8 38.h4 Ne6 39.Ref3 Qg6 40.g4 h5 41.Rg3 hxg4 42.Rxg4 Qh7 43.Rf2 Qb1+ 44.
Kh2 Qe1 45.Rfg2 Qe3 46.R4g3 Qh6 47.Rg6 fxg6 48.Qxe6+ Rf7 49.Kh3 Qe3+ 50.Rg3
Qf4 51.Rxg6 Qf1+ 52.Rg2 Qf3+ 53.Rg3 Qf1+ 54.Rg2 Qf3+ 55.Kh2 Qf4+ 56.Kg1 Qxh4
57.Qg4 Qxg4 58.Rxg4 Re8 59.Rg2 Re6 60.Rd2 Rd7 61.Kf2 Kf7 62.Ke3 Rg6 63.Kd3 Rg4
64.Rf2+ Ke6 65.Rf8 Kd5 66.Rb8 Kc6 67.Rc8+ Kd5 68.Rb8 Ke6 69.Rc8 Kd5 70.Rc7
Rg3+ 71.Kc2 Ke6 72.Rc8 Rg2+ 73.Kc1 Rxb2 74.Kxb2 Kxe5 75.Rc7 Kxd6 76.Rc8 Ke7
77.Rc6 Rd6 0-1

[Event "XVI Cto Aragon Veteranos 2017 Grupo A"]
[Site ""]
[Date "2017.05.27"]
[Round "6"]
[White "Gines Abad Pedro"]
[Black "Hernandez Calvera Hernan Angel"]
[Result "1-0"]
[WhiteElo "1972"]
[BlackElo "1524"]

1.d4 e6 2.Nf3 f5 3.d5 exd5 4.Qxd5 d6 5.Nc3 Nf6 6.Qd3 d5 7.Bg5 c6 8.O-O-O Be7
9.Bxf6 Bxf6 10.Kb1 O-O 11.h3 a5 12.g4 g6 13.g5 Bg7 14.h4 a4 15.h5 Nd7 16.hxg6
hxg6 17.Nxd5 cxd5 18.Qxd5+ Rf7 19.Ne5 Bxe5 20.Qxe5 Rg7 21.Qe6+ Rf7 22.Qxg6+
Rg7 23.Qe6+ Rf7 24.g6 1-0

[Event "XVI Cto Aragón Veteranos 2017 Grupo A"]
[Site ""]
[Date "2017.05.27"]
[Round "6"]
[White "Palomar Ramon Santiago"]
[Black "Gascon Cabello  Jorge"]
[Result "1/2-1/2"]
[WhiteElo "1944"]
[BlackElo "1717"]

1.e4 d5 2.exd5 Nf6 3.c4 c6 4.Qa4 Bd7 5.Qb3 Qc7 6.Nc3 Na6 7.d4 e5 8.Nge2 exd4
9.Bf4 Nc5 10.Bxc7 Nxb3 11.dxc6 Bxc6 12.axb3 dxc3 13.bxc3 Be7 14.Bb6 O-O 15.
Rxa7 Nd7 16.Rxa8 Rxa8 17.Bd4 Nc5 18.Bxc5 Bxc5 19.Nd4 Ra2 20.Nxc6 Bxf2+ 21.Kd1
bxc6 22.g3 Be3 23.b4 Bd2 24.Bg2 Bxc3 25.Bxc6 Bxb4 26.Bd5 Bd6 27.Rf1 Ra1+ 28.
Ke2 Rxf1 29.Kxf1 h5 30.Kg2 g6 31.h3 Kg7 32.g4 hxg4 33.hxg4 f5 34.Kf3 fxg4+ 35.
Kxg4 1/2-1/2

[Event "XVI Cto Aragón Veteranos 2017 Grupo A"]
[Site ""]
[Date "2017.05.27"]
[Round "6"]
[White "Garcia Estruch Jorge"]
[Black "Millan Martin Alfonso"]
[Result "1/2-1/2"]
[WhiteElo "1820"]
[BlackElo "1870"]

1.e4 c6 2.d4 d5 3.e5 c5 4.c3 Nc6 5.Nf3 Bg4 6.Bb5 Qb6 7.Bxc6+ Qxc6 8.dxc5 Qxc5
9.Be3 Qc6 10.Nbd2 e6 11.Qb3 Bxf3 12.Nxf3 a6 13.Nd4 Qc7 14.Qa4+ Qd7 15.Qxd7+
Kxd7 16.O-O Ne7 17.f4 Nf5 18.Nxf5 exf5 19.a4 Rc8 20.Rfd1 Ke6 21.Rd3 Be7 22.
Rad1 Rhd8 23.b3 b5 24.axb5 axb5 25.Bb6 Rd7 26.Ra1 Rc6 27.Bd4 g6 28.Kf2 b4 29.
Ra4 Rb7 30.cxb4 Rxb4 31.Ra8 Bc5 32.Bxc5 Rxc5 33.Ra6+ Ke7 34.Ra7+ Ke8 35.Ra8+
Ke7 36.Ra7+ 1/2-1/2

[Event "XVI Cto Aragón Veteranos 2017 Grupo A"]
[Site ""]
[Date "2017.05.27"]
[Round "6"]
[White "Ocabo Vera Pedro Aristides"]
[Black "Celma Pueyo Ramon"]
[Result "1-0"]
[WhiteElo "1784"]
[BlackElo "1553"]

1.d4 d5 2.Bf4 Nf6 3.e3 e6 4.Nf3 Be7 5.Nbd2 c6 6.c3 Nbd7 7.Bd3 Nh5 8.Bg3 Nxg3
9.hxg3 g6 10.Qc2 Bf6 11.e4 e5 12.dxe5 Nxe5 13.Nxe5 Bxe5 14.f4 Bg7 15.O-O-O d4
16.c4 c5 17.Nf3 Bg4 18.Rdf1 Bxf3 19.Rxf3 Qa5 20.Kb1 O-O-O 21.e5 Kb8 22.Be4 Rd7
23.Ra3 Qd8 24.Qa4 b6 25.Qc6 Qc8 26.Qa8+ Kc7 27.Qxa7+ Kd8 28.Qxb6+ Ke7 29.Ra8
Qc7 30.Qxc7 Rxc7 31.Rxh8 Bxh8 32.Rxh7 Rc8 33.Bxg6 Ke6 34.Bxf7+ Kf5 35.Bd5 Re8
36.Rh5+ Kg6 37.g4 1-0